Erkenntnistheorie / (Record no. 58224)

MARC details
000 -LEADER
campo de control de longitud fija 00394nam a2200145 i 4500
001 - NÚMERO DE CONTROL
campo de control 58224
003 - IDENTIFICADOR DE NÚMERO DE CONTROL
campo de control ES-MaACL
007 - CAMPO FIJO DE DESCRIPCIÓN FÍSICA--INFORMACIÓN GENERAL
campo de control de longitud fija t|
008 - DATOS DE LONGITUD FIJA--INFORMACIÓN GENERAL
campo de control de longitud fija 031021s1910 gw ||||1| ger d
100 1# - ENTRADA PRINCIPAL--NOMBRE DE PERSONA
Nombre de persona Dürr, Ernst.
9 (RLIN) 46316
245 10 - MENCIÓN DEL TÍTULO
Título Erkenntnistheorie /
Mención de responsabilidad, etc. von E. Dürr.
260 ## - PUBLICACIÓN, DISTRIBUCIÓN, ETC.
Lugar de publicación, distribución, etc. Leipzig :
Nombre del editor, distribuidor, etc. Quelle und Meyer,
Fecha de publicación, distribución, etc. 1910 (
Fabricante August Pries)
300 ## - DESCRIPCIÓN FÍSICA
Extensión VIII, 862 p. ;
Dimensiones 22 cm.
852 ## - LOCALIZACIÓN
Ubicación ES-MaACL
Número de control de estantería G-2598
Holdings
Estatus retirado Estado de pérdida Estado de daño No para préstamo Biblioteca de origen Biblioteca actual Ubicación en estantería Fecha de adquisición Fuente de adquisición Total de préstamos Signatura topográfica completa Código de barras Visto por última vez Precio de reemplazo Tipo de ítem Koha
        Biblioteca del Ateneo de Madrid Biblioteca del Ateneo de Madrid Depósito 2 17/01/2008     G-2598 1061100 23/02/2023 23/02/2023 Libro impreso